00470nam a2200169Ia 4500003000500000008004100005020002200046040001900068082000700087100001700094245005600111246005500167260004800222300001000270365000800280546001200288STCL230729s9999 xx 000 0 und d a9788176295772qHB aSTCLcSTCLbEN 222 aSingh, Surat 0aDecentralised governance in India: myth and reality aDecentralized governance in India myth and reality bDeep and Deep PublicationsaNew Delhic2004 a414 p b880 aEnglish